Facultad de Derecho – Universidad Nacional de Mar del Plata

Las Victimas de los Accidentes de transito frente a las Clausulas de exclusion d e cobertura contenidas en las Polizas de Seguro obligatorio automotor (Record no. 5138)

MARC details
000 -CABECERA
campo de control de longitud fija 00768nam a22001337a 4500
080 ## - NUMERO DE CLASIFICACION DECIMAL UNIVERSAL (CDU)
Número de la Clasificación Decimal Universal 368.21+ 347.53 T 616
100 ## - ASIENTO PRINCIPAL--NOMBRE PERSONAL
Nombre personal Tonto de Bessone, Mariana Lucia
245 ## - MENCION DE TITULO
Título propiamente dicho Las Victimas de los Accidentes de transito frente a las Clausulas de exclusion d e cobertura contenidas en las Polizas de Seguro obligatorio automotor
260 ## - PUBLICACION, DISTRIBUCION, ETC. (PIE DE IMPRENTA)
Lugar de publicación, distribución, etc. Mar del Plata
Nombre del editor, distribuidor, etc. Facultad de Derecho: Universidad Nacional de Mar del Plata
Fecha de publicación, distribución, etc. 2020
300 ## - DESCRIPCION FISICA
Extensión 215 P.
650 ## - ASIENTO SECUNDARIO DE MATERIA - TERMINO TEMATICO
Subdivisión general derecho civil
-- seguro de responsabilidad civil
-- seguro obligatorio automotor
-- proyecto Halperin
-- proyecto Morandi. Stiglitz
-- derecho de daños
-- accidentes de transito
-- contrato de seguro
-- poliza
-- reparacion integral
-- jurisprudencia
-- Flores
-- Aymar
-- Buffoni
-- derecho del consumo
942 ## - ELEMENTOS AGREGADOS (KOHA)
Clasificación normalizada de Koha para alfabetizar _
945 ## - INFORMACION DE PROCESAMIENTO LOCAL
Responsable de carga/modificación Celeste Delía
AAAA-MM-DD - Fecha de ingreso/modificación 2021-12-21

No items available.


XHTML | CSS | ©Biblioteca Central - Dto. Tecnología de la Información - [ Con tecnología Koha ]